|
|
|
|
| LEADER |
01038cam a2200277 7i4500 |
| 001 |
0000059103 |
| 005 |
20210727090000.0 |
| 020 |
|
|
|a 9783527801329 (electronic book)
|
| 020 |
|
|
|a 9783527801312 (electronic book)
|
| 090 |
0 |
0 |
|a TP248.14
|b .M53 2016
|
| 245 |
0 |
0 |
|a Micro- and nanosystems for biotechnology
|c edited by J. Christopher Love.
|
| 264 |
|
|
|a Weinheim, Germany:
|b Wiley-VCH,
|c 2016.
|
| 300 |
|
|
|a 1 online resource (445 pages):
|b illustrations, text file, PDF.
|
| 336 |
|
|
|a text
|2 rdacontent
|
| 337 |
|
|
|a computer
|2 rdamedia
|
| 338 |
|
|
|a online resource
|2 rdacarrier
|
| 490 |
0 |
|
|a Advanced biotechnology;
|v v. 2
|
| 650 |
|
0 |
|a Biotechnology
|
| 650 |
|
0 |
|a Nanotechnology
|
| 650 |
|
0 |
|a Microelectromechanical systems
|
| 655 |
|
0 |
|a Electronic books
|
| 700 |
1 |
|
|a Love, J. Christopher
|
| 856 |
4 |
2 |
|u http://library.unisel.edu.my/web/guest/mylibrary
|
| 997 |
|
|
|a Engineering & Life Sciences, Faculty
|b Science & Biotechnology, Department
|
| 998 |
|
|
|a Bioinformatics, Degree
|
| 999 |
|
|
|a EBO0005840
|b EBOOK
|c EBOOK
|e Electronic resources
|